| 000 | 00729nam a2200241 a 4500 | ||
|---|---|---|---|
| 005 | 20191224041544.0 | ||
| 008 | 140224t1965 -Usa gr|||| 00| 0 eng d | ||
| 040 |
_aCO-BoIAVH _cCO-BoIAVH |
||
| 041 | _aeng | ||
| 044 | _axxu | ||
| 082 | 4 |
_a565.754 _bD76l |
|
| 100 | 1 | _aDrake, Carl J. | |
| 245 | 1 |
_aLacebugs of the world _ba catalog (Hemiptera:Tingidae) |
|
| 260 |
_aWashington _bSmithsonian Institution Press _c1965 |
||
| 300 |
_a634 paginas.: _bilustraciones; _c23 x 15 cm |
||
| 650 | 6 | _aHemiptera | |
| 650 | 4 | _aDescripciones taxonómicas | |
| 650 | 4 | _aTaxonomÃa | |
| 650 | 4 | _aHistoria natural | |
| 650 | 4 | _aTingidae | |
| 700 | 1 | _aRuhoff, Florence A. | |
| 942 |
_cLIBRO _2ddc |
||
| 999 |
_c829 _d829 |
||